Normal view
MARC view
- Jack Welch
Entry Personal Name
001 - CONTROL NUMBER
- control field: 125610
003 - CONTROL NUMBER IDENTIFIER
- control field: NUST
005 - DATE AND TIME OF LATEST TRANSACTION
- control field: 20240902174355.0
008 - FIXED-LENGTH DATA ELEMENTS
- fixed length control field: 240902|| aca||aabn | a|a d
040 ## - CATALOGING SOURCE
- Original cataloging agency: NUST
- Transcribing agency: NUST
100 ## - HEADING--PERSONAL NAME
- Personal name: Jack Welch
670 ## - SOURCE DATA FOUND
- Source citation: Work cat.: (NUST): Jack Welch, JACK What i have learned leading a great company and great people , 2001.
